000 00461nam a22001697a 4500
003 OSt
005 20140310182331.0
008 130313t xxu||||| |||| 00| 0 eng d
020 _a0590488244
050 _aQB 501.2
_b.B496 1995
082 _aJ 523.45
_bBER 1995
245 _aDiscovering Jupiter : the amazing collision in space
_cMelvin Berger
260 _aNew York
_bScholastic
_c1995
300 _a55 p.
_c24 cm.
942 _2lcc
_cBK-GS
999 _c11988
_d11988